Central Library || Chittagong University

Tower's international transistor selector : (Record no. 112593)

MARC details
000 -LEADER
fixed length control field 00548nam a22001697a 4500
003 - CONTROL NUMBER IDENTIFIER
control field BD-ChCU
005 - DATE AND TIME OF LATEST TRANSACTION
control field 20260503111521.0
008 - FIXED-LENGTH DATA ELEMENTS--GENERAL INFORMATION
fixed length control field 260503b bg ||||| |||| 00| 0 ben d
040 ## - CATALOGING SOURCE
Transcribing agency BD-ChCU
082 ## - DEWEY DECIMAL CLASSIFICATION NUMBER
Classification number REF 621.381 TOT
100 ## - MAIN ENTRY--PERSONAL NAME
Personal name Towers , T.D.
9 (RLIN) 22228
245 ## - TITLE STATEMENT
Title Tower's international transistor selector :
Remainder of title specification data for the identification , selection and substitution of transistors ./
Statement of responsibility, etc. T.D. Towers.
260 ## - PUBLICATION, DISTRIBUTION, ETC.
Place of publication, distribution, etc. Delhi :
Name of publisher, distributor, etc. B.P.B. Pub.
Date of publication, distribution, etc. C 1985
300 ## - PHYSICAL DESCRIPTION
Extent 372p.
650 #0 - SUBJECT ADDED ENTRY--TOPICAL TERM
Topical term or geographic name entry element Transistorys.
9 (RLIN) 22229
942 ## - ADDED ENTRY ELEMENTS (KOHA)
Source of classification or shelving scheme Dewey Decimal Classification
Koha item type Books
Suppress in OPAC No
Holdings
Withdrawn status Lost status Source of classification or shelving scheme Damaged status Not for loan Home library Current library Shelving location Date acquired Source of acquisition Total Checkouts Full call number Barcode Date last seen Copy number Price effective from Koha item type
    Dewey Decimal Classification     Chittagong University Library Chittagong University Library Reference 05/03/2026 Purchase   REF 621.381 TOT 139795 05/03/2026 C-1 05/03/2026 Books
© Copyright 2026. Chittagong University Library, Installation and Maintenance by Prof. Dr. Md. Alamgir, 01711306253